ბათუმის შოთა რუსთაველის სახელმწიფო უნივერსიტეტის ბიბლიოთეკა

Мораль и социальная психика. (ბიბ.ჩანაწერი № 38856)

000 -LEADER
fixed length control field 00597nam a2200205Ia 4500
001 - CONTROL NUMBER
control field 5267
003 - CONTROL NUMBER IDENTIFIER
control field GE_BSU
008 - FIXED-LENGTH DATA ELEMENTS--GENERAL INFORMATION
fixed length control field 181216s||||||||xx |||||||||||||| ||und||
040 ## - CATALOGING SOURCE
Transcribing agency GE_BSU
080 ## - UNIVERSAL DECIMAL CLASSIFICATION NUMBER
Universal Decimal Classification number 171
100 ## - MAIN ENTRY--PERSONAL NAME
Personal name Вичев, В.
245 ## - TITLE STATEMENT
Title Мораль и социальная психика.
245 ## - TITLE STATEMENT
Statement of responsibility, etc. Общ. ред. Ю. А. Шерковина. Пер с Болгаского. Ю.А.Мельцева.
260 ## - PUBLICATION, DISTRIBUTION, ETC.
Place of publication, distribution, etc. Москва
260 ## - PUBLICATION, DISTRIBUTION, ETC.
Name of publisher, distributor, etc. Прогресс
260 ## - PUBLICATION, DISTRIBUTION, ETC.
Date of publication, distribution, etc. 1978.
300 ## - PHYSICAL DESCRIPTION
Extent 356 стр.20 см.
653 ## - INDEX TERM--UNCONTROLLED
Uncontrolled term Мораль и социальная
942 ## - ADDED ENTRY ELEMENTS (KOHA)
Koha item type წიგნი
ეგზემპლარები
Withdrawn status Lost status Damaged status Not for loan Date acquired Barcode Date last seen Price effective from Koha item type
        2018-12-17 16076 2018-12-17 2018-12-17 წიგნი